Ageing issues in India: Practices, perspective and polices (Record no. 394612)

MARC details
000 -LEADER
fixed length control field 00661 a2200229 4500
005 - DATE & TIME
control field 20260122101955.0
008 - FIXED-LENGTH DATA ELEMENTS--GENERAL INFORMATION
fixed length control field 260122b |||||||| |||| 00| 0 eng d
020 ## - ISBN
International Standard Book Number 9789819701896
Price Rs. 2195.00
040 ## - CATALOGING SOURCE
Original cataloging agency VIVEKANANDA LIBRARY
082 ## - DDC NUMBER
Classification number 305.260954
Book Number S18A
100 ## - MAIN ENTRY--PERSONAL NAME
Personal name Shankardass, Mala Kapur, ed.
245 ## - TITLE STATEMENT
Title Ageing issues in India: Practices, perspective and polices
260 ## - PUBLICATION, DISTRIBUTION, ETC. (IMPRINT)
Name of publisher, distributor, etc Springer Nature
Date of publication, distribution, etc 2024
Place of publication, distribution, etc Singapore
300 ## - PHYSICAL DESCRIPTION
Pages ix, 396
440 ## - Series Statement
Series Title International perspectives on aging; V32
650 ## - Subject
Subject Sociology
650 ## - Subject
Subject Social Groups
650 ## - Subject
Subject Older people-Ageing
650 ## - Subject
Subject India
700 ## - Added Entry Personal Name
Added Entry Personal Name Powell, Jason L, S, ed.
942 ## - ADDED ENTRY ELEMENTS (KOHA)
Koha item type Books
Holdings
Withdrawn status Lost status Source of classification or shelving scheme Damaged status Not for loan Location (home branch) Sublocation or collection (holding branch) Shelving location Date acquired Koha issues (times borrowed) Koha full call number Accession No. Koha date last seen Koha item type
    Dewey Decimal Classification     VIVEKANANDA LIBRARY VIVEKANANDA LIBRARY Vivekananda Library 16/12/2025   305.260954 S18A 443699 16/12/2025 Books
© Designed and Maintained by Vivekananda Library, MDU Rohtak